[Event "PRO League Group Stage"]
[Site "chess.com INT"]
[Date "2017.02.15"]
[Round "6"]
[White "Yudasin, Leonid"]
[Black "Stripunsky, Alexander"]
[Result "1/2-1/2"]
[WhiteTitle "GM"]
[BlackTitle "GM"]
[WhiteElo "2517"]
[BlackElo "2536"]
[WhiteTeam "New York Knights"]
[BlackTeam "New Jersey Knockouts"]
[WhiteFideId "2802341"]
[BlackFideId "2015315"]
[EventDate "2017.01.11"]

1. e4 c5 2. Nf3 e6 3. b3 d6 4. Bb5+ Nd7 5. Bb2 Nf6 6. Qe2 a6 7. Bd3 g6 8. e5
dxe5 9. Nxe5 Bg7 10. O-O O-O 11. Re1 Nd5 12. Bc4 Nxe5 13. Bxe5 Nb4 14. Bxg7 Kxg7
15. Qe5+ Qf6 16. Qxf6+ Kxf6 17. Rc1 b5 18. Bf1 Nc6 19. Nc3 Rd8 20. a4 b4 21.
Ne4+ Ke7 22. d3 f5 23. Nd2 Bb7 24. c3 Rac8 25. Nc4 bxc3 26. Rxc3 Nb4 27. Re1 Bd5
28. Nb6 Rc6 29. a5 Kf6 30. g3 Bf3 31. d4 Be4 32. dxc5 Rd2 33. f3 Bd5 34. Nd7+
Ke7 35. Nb8 Rc8 36. Nxa6 Nxa6 37. Bxa6 Ra8 38. Bc4 Bxc4 39. Rxc4 Rxa5 40. c6
Raa2 41. c7 Rg2+ 42. Kh1 Rxh2+ 43. Kg1 Rag2+ 44. Kf1 Rf2+ 45. Kg1 Rhg2+ 46. Kh1
Rh2+ 47. Kg1 Rfg2+ 48. Kf1 Rf2+ 49. Kg1 Rfg2+ 50. Kf1 Rf2+ 51. Kg1 Rhg2+ 52. Kh1 1/2-1/2

[Event "PRO League Group Stage"]
[Site "chess.com INT"]
[Date "2017.02.15"]
[Round "6"]
[White "Finegold, Benjamin"]
[Black "Kiewra, Keaton F"]
[Result "1/2-1/2"]
[WhiteTitle "GM"]
[BlackTitle "IM"]
[WhiteElo "2483"]
[BlackElo "2429"]
[WhiteTeam "St Louis Arch Bishops"]
[BlackTeam "San Diego Surfers"]
[WhiteFideId "2000261"]
[BlackFideId "2019280"]
[EventDate "2017.01.11"]

1. d4 Nf6 2. c4 g6 3. Nc3 Bg7 4. Nf3 O-O 5. Bf4 d6 6. e3 c5 7. d5 Na6 8. Be2 Nc7
9. h3 a6 10. a4 Rb8 11. O-O Bf5 12. Nd2 b5 13. axb5 axb5 14. e4 Bd7 15. Qc2 bxc4
16. Nxc4 Nb5 17. Nxb5 Bxb5 18. Ra2 Bxc4 19. Bxc4 Nd7 20. Bd2 Ne5 21. Be2 Qb6 22.
Bc3 Nd7 23. Rfa1 Bd4 24. Ra6 Qb3 25. Qxb3 Rxb3 26. Ra7 Bxc3 27. bxc3 Nf6 28. c4
Nxe4 29. Rxe7 Nc3 30. Bf1 Rb1 31. Ra3 Rc1 32. Re3 Nb1 33. Ra1 Rb8 34. g3 Rb2 35.
Rf3 Nd2 36. Rxc1 Nxf3+ 37. Kg2 Nd2 38. Bd3 Nb3 39. Re1 Rd2 40. Bf1 Rd4 41. Re8+
Kg7 42. Rd8 Nd2 43. Rxd6 Nxf1 44. Kxf1 Rxc4 45. Rc6 Rc2 46. Kg2 c4 47. Kf3 Rd2
48. d6 Kf6 49. Ke3 Rd1 50. h4 h5 51. Ke4 Ke6 52. Rxc4 Rxd6 53. Kf4 Kf6 54. f3
Kg7 55. g4 hxg4 56. fxg4 Ra6 57. Rd4 Ra5 58. g5 Rb5 59. Kg4 Rb1 60. Rd3 Rg1+ 61.
Kf4 Ra1 1/2-1/2

[Event "PRO League Group Stage"]
[Site "chess.com INT"]
[Date "2017.02.15"]
[Round "6"]
[White "Toolin, Christopher"]
[Black "Wheeler, Cameron"]
[Result "1/2-1/2"]
[BlackTitle "FM"]
[WhiteElo "2209"]
[BlackElo "2398"]
[WhiteTeam "Dallas Destiny"]
[BlackTeam "San Francisco Mechanics"]
[WhiteFideId "2024543"]
[BlackFideId "2060531"]
[EventDate "2017.01.11"]

1. d4 Nf6 2. c4 e6 3. Nf3 c5 4. d5 b5 5. Bg5 exd5 6. cxd5 d6 7. e4 a6 8. a4 Be7
9. Bxf6 Bxf6 10. axb5 Bxb2 11. Ra2 Bf6 12. Bd3 O-O 13. O-O Bb7 14. Nbd2 axb5 15.
Rxa8 Bxa8 16. Bxb5 Nd7 17. Qa4 Ne5 18. Nxe5 Bxe5 19. Nc4 Qe7 20. Bc6 Bxc6 21.
dxc6 Bd4 22. Qa6 g6 23. Nb6 Re8 24. h3 Kg7 25. Qb5 Rb8 26. Nd5 Qe8 27. Qa6 Ra8
28. Qb7 Rb8 29. Qa6 Ra8 30. Qb7 Rb8 31. Qa6 1/2-1/2

[Event "PRO League Group Stage"]
[Site "chess.com INT"]
[Date "2017.02.15"]
[Round "6"]
[White "Kleijn, Christov"]
[Black "Astaneh Lopez, Alex"]
[Result "1/2-1/2"]
[WhiteTitle "IM"]
[BlackTitle "IM"]
[WhiteElo "2437"]
[BlackElo "2417"]
[WhiteTeam "Amsterdam Mosquitos"]
[BlackTeam "Dublin Desperados"]
[WhiteFideId "1013564"]
[BlackFideId "2501430"]
[EventDate "2017.01.11"]

1. e4 e5 2. Nf3 Nc6 3. Bb5 Nf6 4. O-O Nxe4 5. Re1 Nd6 6. Nxe5 Nxe5 7. Rxe5+ Be7
8. Bf1 O-O 9. d4 Ne8 10. c3 d5 11. Bd3 Bd6 12. Re1 h6 13. h3 c6 14. Nd2 Qf6 15.
Nf3 Nc7 16. Ne5 Re8 17. Qh5 Bf8 18. Bd2 g6 19. Ng4 Bxg4 20. Qxg4 h5 21. Bg5
Qxf2+ 22. Kxf2 hxg4 23. hxg4 Ne6 24. Bd2 Bd6 25. Kf3 Kg7 26. Rh1 Be7 27. Rae1
Rh8 28. Be3 Rae8 29. a4 Rxh1 30. Rxh1 Bg5 31. Bf2 Bd2 32. Rd1 Bh6 33. g3 Bg5 34.
b4 Bf6 35. b5 cxb5 36. axb5 Rc8 37. Be1 Bd8 38. Ra1 Bb6 39. Bf1 Ng5+ 40. Ke2 Ne4
41. Kd3 Rh8 42. Bg2 f5 43. gxf5 gxf5 44. c4 dxc4+ 45. Kxc4 Rc8+ 46. Kb3 Bxd4 47.
Rd1 Be5 48. Rd7+ Kf6 49. Bxe4 fxe4 50. Rxb7 Rc1 51. Bd2 Rg1 52. Rxa7 e3 53. Ra6+
Kf5 54. Bxe3 Rxg3 55. b6 Rxe3+ 56. Kc4 Re1 57. Kb5 Rb1+ 58. Kc6 Ke6 59. Ra8 Rc1+
60. Kb7 Kd7 61. Ra5 Bd6 62. Rh5 Be7 63. Rd5+ Bd6 64. Rh5 Rb1 65. Rh7+ Be7 66.
Rg7 Kd6 67. Rg6+ Kc5 68. Rc6+ Kd5 69. Rh6 Bc5 70. Kc7 Rc1 71. Rh5+ Ke6 72. Rh6+
Ke7 73. Rh7+ Ke8 74. Rh6 Be3+ 75. Rc6 Bf4+ 76. Kb7 Rb1 77. Kc8 Rd1 78. Re6+ Kf7
79. Rc6 Rc1 80. Rxc1 Bxc1 81. b7 Bf4 82. b8=Q Bxb8 1/2-1/2

[Event "PRO League Group Stage"]
[Site "chess.com INT"]
[Date "2017.02.15"]
[Round "6"]
[White "Liu, Aristo S"]
[Black "Lenderman, Aleksandr"]
[Result "0-1"]
[BlackTitle "GM"]
[WhiteElo "1969"]
[BlackElo "2573"]
[WhiteTeam "Columbus Cardinals"]
[BlackTeam "Montclair Sopranos"]
[WhiteFideId "30903483"]
[BlackFideId "2021285"]
[EventDate "2017.01.11"]

1. e4 e6 2. d4 d5 3. exd5 exd5 4. c4 Nf6 5. Nc3 Bb4 6. Nf3 O-O 7. c5 b6 8. cxb6
axb6 9. Be2 Ne4 10. Qb3 Bxc3+ 11. bxc3 Re8 12. Be3 Nc6 13. O-O Na5 14. Qc2 Ba6
15. Bxa6 Rxa6 16. Qd3 Nc4 17. Ne5 Ra4 18. Nxc4 Rxc4 19. Rfc1 Qd7 20. Bf4 Qc6 21.
Bd2 Ra8 22. a3 Rca4 23. Bf4 Rxa3 24. Rxa3 Rxa3 25. f3 Rxc3 26. fxe4 Rxc1+ 27.
Bxc1 Qxc1+ 28. Kf2 Qf4+ 29. Kg1 Qxe4 30. Qc3 c5 31. dxc5 bxc5 32. Kf1 Qc4+ 33.
Qxc4 dxc4 34. Ke2 Kf8 35. Kd2 Ke7 36. Kc3 Kd6 37. Kxc4 f5 0-1

[Event "PRO League Group Stage"]
[Site "chess.com INT"]
[Date "2017.02.15"]
[Round "6"]
[White "Liu, Aristo S"]
[Black "Shen, Victor C"]
[Result "0-1"]
[BlackTitle "IM"]
[WhiteElo "1969"]
[BlackElo "2406"]
[WhiteTeam "Columbus Cardinals"]
[BlackTeam "Montclair Sopranos"]
[WhiteFideId "30903483"]
[BlackFideId "2028581"]
[EventDate "2017.01.11"]

1. e4 e5 2. Nf3 Nc6 3. d4 exd4 4. Nxd4 Bb4+ 5. Nc3 Nf6 6. Nxc6 bxc6 7. Bd3 O-O
8. O-O d5 9. exd5 cxd5 10. Bg5 c6 11. Qf3 Be7 12. h3 Rb8 13. b3 h6 14. Bf4 Bd6
15. Bxd6 Qxd6 16. Ne2 c5 17. Ng3 Rb4 18. Nf5 Bxf5 19. Bxf5 Rf4 20. Qd3 Qe5 21.
g4 g6 22. Bxg6 c4 23. bxc4 dxc4 24. Bxf7+ Rxf7 25. Qg3 Ne4 26. Qg2 Rxf2 0-1

[Event "PRO League Group Stage"]
[Site "chess.com INT"]
[Date "2017.02.15"]
[Round "6"]
[White "Shen, Christopher Y"]
[Black "Molner, Mackenzie"]
[Result "1/2-1/2"]
[WhiteTitle "CM"]
[BlackTitle "GM"]
[WhiteElo "2165"]
[BlackElo "2450"]
[WhiteTeam "Columbus Cardinals"]
[BlackTeam "Montclair Sopranos"]
[WhiteFideId "2090635"]
[BlackFideId "2021722"]
[EventDate "2017.01.11"]

1. c4 e5 2. g3 Nf6 3. Bg2 h6 4. Nc3 Bb4 5. Nd5 Nxd5 6. cxd5 O-O 7. a3 Bc5 8. e3
d6 9. Ne2 Nd7 10. O-O Bb6 11. b3 Nf6 12. d3 Bd7 13. Bb2 c6 14. Nc3 Rc8 15. Rc1
Re8 16. h3 cxd5 17. Nxd5 Nxd5 18. Bxd5 Rxc1 19. Bxc1 Be6 20. Qf3 Qd7 21. g4 Bxd5
22. Qxd5 Rc8 23. Bd2 Rc5 24. Qf3 Rc2 25. Rd1 Qc6 26. Qxc6 bxc6 27. a4 a5 28. b4
axb4 29. Bxb4 1/2-1/2

[Event "PRO League Group Stage"]
[Site "chess.com INT"]
[Date "2017.02.15"]
[Round "6"]
[White "Naroditsky, Daniel"]
[Black "Liu, Elliott"]
[Result "1/2-1/2"]
[WhiteTitle "GM"]
[BlackTitle "FM"]
[WhiteElo "2646"]
[BlackElo "2284"]
[WhiteTeam "San Jose Hackers"]
[BlackTeam "Las Vegas Desert Rats"]
[WhiteFideId "2026961"]
[BlackFideId "2019850"]
[EventDate "2017.01.11"]

1. e4 e6 2. d4 d5 3. Nd2 dxe4 4. Nxe4 Nf6 5. Nxf6+ gxf6 6. Nf3 Nc6 7. Bc4 Qd6 8.
O-O Bd7 9. c3 O-O-O 10. Qe2 Ne7 11. Nd2 Nd5 12. Ne4 Qe7 13. Bb5 f5 14. Nc5 Bxb5
15. Qxb5 c6 16. Qa5 a6 17. Nd3 Rg8 18. c4 Nb4 19. Ne1 Rxd4 20. Qe5 c5 21. Qe2
Re4 22. Be3 Bh6 23. Qf3 Bxe3 24. fxe3 Qg5 25. a3 Nc6 26. Nc2 Ne5 27. Qe2 Nxc4
28. Rf3 Rg4 29. Ne1 Ne5 30. Rh3 Re4 31. Rc1 Nd7 32. Qf2 Kb8 33. Nd3 c4 34. Nf4
Nf6 35. Rg3 Ng4 36. Qd2 Rxe3 37. Rxc4 Rxg3 38. hxg3 Rd8 39. Rd4 Rc8 40. Rd7 Qh6
41. Kf1 Qh1+ 42. Ke2 Qg1 43. Nd3 Qxg2+ 44. Kd1 Qxg3 45. Qb4 Qf3+ 46. Ke1 Qe4+
47. Qxe4 fxe4 48. Nf4 e5 49. Nd5 f5 50. a4 h5 51. Nb6 Rf8 52. Rh7 Nf6 53. Rh6
Kc7 54. Rxf6 Rxf6 55. Nd5+ Kc6 56. Nxf6 Kc5 57. a5 Kb4 58. Nxh5 f4 59. Nf6 e3
60. Nd7 e4 61. Nf6 Kxa5 62. Nd5 Ka4 63. Nxf4 Kb3 64. Nd5 Kxb2 65. Nxe3 b5 66.
Kd2 a5 67. Nd1+ Kb3 68. Nf2 e3+ 69. Kxe3 a4 70. Nd3 a3 71. Kd2 b4 72. Nxb4 Kxb4
73. Kc2 a2 74. Kb2 a1=Q+ 75. Kxa1 1/2-1/2

[Event "PRO League Group Stage"]
[Site "chess.com INT"]
[Date "2017.02.15"]
[Round "6"]
[White "Adu, Oladapo"]
[Black "Fontaine, Robert"]
[Result "1/2-1/2"]
[WhiteTitle "IM"]
[BlackTitle "GM"]
[WhiteElo "2288"]
[BlackElo "2549"]
[WhiteTeam "Abuja RockStars"]
[BlackTeam "Cannes Blockbusters"]
[WhiteFideId "8500258"]
[BlackFideId "605590"]
[EventDate "2017.01.11"]

1. e4 c6 2. Nf3 d5 3. Nc3 Bg4 4. h3 Bxf3 5. Qxf3 e6 6. d3 Nf6 7. Bd2 Nbd7 8.
exd5 cxd5 9. d4 Rc8 10. Bb5 a6 11. Bd3 Bd6 12. O-O O-O 13. Rfe1 Re8 14. Rab1 Nf8
15. Bg5 Ng6 16. g3 b5 17. h4 h6 18. Bd2 Nf8 19. Re2 N6d7 20. Rbe1 Qf6 21. Qg4
Nb6 22. Kg2 e5 23. dxe5 Rxe5 24. Rxe5 Bxe5 25. Nxd5 Qc6 26. Rxe5 Nxd5 27. Be4
Nf6 28. Bxc6 Nxg4 29. Re8 Rxc6 30. Bb4 Rxc2 31. Rxf8+ Kh7 32. Rxf7 Ne5 33. Re7
Nc6 34. Re4 Rxb2 35. a3 a5 36. Bf8 Kg8 37. Bd6 b4 38. axb4 axb4 39. Rc4 Na5 40.
Rxb4 Rxb4 41. Bxb4 Nc6 42. Bc5 h5 43. f3 Kf7 44. g4 g6 45. Kg3 Nd8 46. Bd4 Ne6
47. Be5 Ke7 48. Kf2 Nd8 49. Ke3 Ke6 50. Ke4 Nf7 51. Bg3 Kf6 52. Bf4 Ke6 53. Bg3
Kf6 54. Bf4 Ke6 55. Bg3 Kf6 1/2-1/2

[Event "PRO League Group Stage"]
[Site "chess.com INT"]
[Date "2017.02.15"]
[Round "6"]
[White "Klein, David"]
[Black "Delaney, Killian"]
[Result "1/2-1/2"]
[WhiteTitle "GM"]
[WhiteElo "2509"]
[BlackElo "2230"]
[WhiteTeam "Amsterdam Mosquitos"]
[BlackTeam "Dublin Desperados"]
[WhiteFideId "1003623"]
[BlackFideId "2501570"]
[EventDate "2017.01.11"]

1. e4 c6 2. d4 d5 3. Nd2 dxe4 4. Nxe4 Nd7 5. Ng5 Ngf6 6. Bd3 e6 7. N1f3 Bd6 8.
Qe2 h6 9. Ne4 Nxe4 10. Qxe4 Nf6 11. Qe2 Qc7 12. Ne5 b6 13. Bd2 c5 14. Bb5+ Ke7
15. f4 cxd4 16. O-O-O Bb7 17. Kb1 Rhd8 18. Bc1 Bxe5 19. fxe5 Ne4 20. Bd3 Qxe5
21. Rhe1 f5 22. g4 Bd5 23. gxf5 exf5 24. Qh5 Qf6 25. Rf1 Rf8 26. Rde1 Qe6 27. a3
Kd7 28. Rg1 g5 29. Qd1 Kc7 30. h4 Kb7 31. hxg5 hxg5 32. Bxg5 Qd6 33. Bc1 Rae8
34. Bb5 Re7 35. Qd3 Rd8 36. Ba6+ Ka8 37. Qh3 Nc5 38. Rxe7 Qxe7 39. Bb5 Qe6 40.
Qh4 Rg8 41. Rxg8+ Qxg8 42. Qxd4 a6 43. Be2 Be4 44. Bc4 Qg2 45. Bd2 Qh1+ 46. Ka2
Ka7 47. Qg7+ Nb7 48. Bb3 Bd5 49. Qe5 Bxb3+ 50. cxb3 Qe4 51. Qc7 Qd4 52. Bf4 Qd8
53. Qe5 Qc8 54. Be3 a5 55. Qf6 Nc5 56. Qe7+ Ka6 57. Bd4 Qc6 58. Qf8 Ne6 59. Qh8
a4 60. Qe5 axb3+ 61. Kxb3 Qb5+ 62. Qxb5+ Kxb5 63. Bf2 f4 64. Kc3 Ka4 65. Bxb6 f3
66. Bf2 Ng5 67. Kd3 Kb3 68. Bd4 Ne6 69. Bc3 Nc5+ 70. Ke3 f2 71. Ke2 Nd3 72. Bd4
Nxb2 73. Bxb2 Kc4 74. Kxf2 Kb5 75. Ke3 Ka6 76. Kd4 Kb7 77. Kc5 Ka8 78. Kb6 Kb8
79. Be5+ Ka8 80. Bd4 Kb8 81. Bc5 Ka8 82. Kc6 Kb8 83. a4 Ka8 84. Bb6 Kb8 85. a5
Ka8 86. Kb5 Kb8 87. Kc6 Ka8 88. Kc5 Kb8 89. Kb4 Ka8 90. Ka3 Kb8 91. Kb2 Ka8 92.
Ka1 Kb7 93. Kb1 Ka8 94. Kc1 Kb8 95. Kd1 Ka8 96. Ke1 Kb8 97. Kf1 Ka8 98. Kg1 Kb8
99. Kh1 Ka8 100. Kh2 Kb8 101. Kg2 Ka8 102. Kf2 Kb8 103. Ke2 Ka8 104. Kd2 Kb8
105. Kc2 Ka8 106. Kb2 Kb8 107. Ka2 Ka8 108. Ka3 Kb8 109. Kb3 Ka8 110. Kb4 Kb8
111. Kb5 Ka8 112. Bc7 Kb7 113. Bh2 Ka8 114. Bg3 Kb7 115. a6+ Ka8 116. Ka5 Ka7
117. Bf2+ Ka8 118. Be3 Kb8 119. Bd4 Ka8 120. Bc5 Kb8 121. Bb6 Ka8 122. Bc5 Kb8
123. Be3 Ka8 124. Bf2 Kb8 125. Bg1 Ka8 126. Be3 Kb8 127. Bf2 Ka8 128. Bd4 Kb8
129. Bc5 Ka8 130. Be3 1/2-1/2

[Event "PRO League Group Stage"]
[Site "chess.com INT"]
[Date "2017.02.15"]
[Round "6"]
[White "Klein, David"]
[Black "Maze, Sebastien"]
[Result "1/2-1/2"]
[WhiteTitle "GM"]
[BlackTitle "GM"]
[WhiteElo "2509"]
[BlackElo "2613"]
[WhiteTeam "Amsterdam Mosquitos"]
[BlackTeam "Dublin Desperados"]
[WhiteFideId "1003623"]
[BlackFideId "613762"]
[EventDate "2017.01.11"]

1. e4 c5 2. Nf3 Nc6 3. Bb5 g6 4. O-O Bg7 5. Re1 Nf6 6. e5 Nd5 7. Nc3 Nc7 8. Bxc6
dxc6 9. Ne4 b6 10. d3 O-O 11. h3 h6 12. Bf4 g5 13. Bg3 Bf5 14. Qe2 Ne6 15. Rad1
Qd7 16. h4 Bg4 17. c3 f5 18. exf6 exf6 19. Ne5 Bxe2 20. Nxd7 Bxd1 21. Nxf8 Rxf8
22. Rxd1 f5 23. Nd2 f4 24. Bh2 Rd8 25. Ne4 Kf7 26. Kf1 Kg6 27. Ke2 Kf5 28. f3
gxh4 29. Bg1 Bf8 30. Bf2 Be7 31. Rh1 Rg8 32. Kf1 Bg5 33. Bxh4 Kg6 34. Bf2 Ng7
35. g4 fxg3 36. Bxg3 Nf5 37. Bf2 Rd8 38. Ke2 Ng7 39. Rg1 Ne6 40. Be3 Kf5 41.
Ng3+ Ke5 42. Nh5 Rf8 43. Rg4 Bxe3 44. Kxe3 Ng5 45. Rg3 Kf5 46. f4 Nf7 47. Ng7+
Kf6 48. Nh5+ Kf5 49. Ng7+ Kf6 50. Nh5+ Kf5 1/2-1/2

[Event "PRO League Group Stage"]
[Site "chess.com INT"]
[Date "2017.02.15"]
[Round "6"]
[White "Dragun, Kamil"]
[Black "Feng, Roland"]
[Result "1/2-1/2"]
[WhiteTitle "GM"]
[BlackTitle "FM"]
[WhiteElo "2614"]
[BlackElo "2338"]
[WhiteTeam "Rio Grande Ospreys"]
[BlackTeam "Seattle Sluggers"]
[WhiteFideId "1134167"]
[BlackFideId "2060086"]
[EventDate "2017.01.11"]

1. e4 e6 2. d4 d5 3. Nd2 Nf6 4. e5 Nfd7 5. Bd3 c5 6. c3 b6 7. Ne2 Ba6 8. Bxa6
Nxa6 9. Nf4 cxd4 10. cxd4 Be7 11. Qg4 g6 12. O-O Qc7 13. Nf3 Qc2 14. Be3 h5 15.
Qh3 Qe4 16. Nd2 Qc2 17. Rac1 Qf5 18. Qxf5 gxf5 19. Nf3 b5 20. b3 Ba3 21. Rc6 Nb4
22. Rc7 Kd8 23. Rb7 Nc6 24. Bc1 Be7 25. Bd2 Kc8 26. Rxb5 a6 27. Ra5 Nxa5 28.
Bxa5 Kb7 29. h4 Rac8 30. g3 Rc2 31. Ra1 Nf8 32. Ne1 Rc6 33. Ned3 Ng6 34. Kg2
Nxf4+ 35. Nxf4 Ba3 36. Rd1 Rc2 37. Rd2 Rxd2 38. Bxd2 Kc6 39. Kf3 Kb5 40. Ke2 a5
41. Kd3 a4 42. Kc2 Bf8 43. Nd3 Ba3 44. Nf4 Rc8+ 45. Kd3 Rh8 46. Kc2 Bb4 47. Be3
Rc8+ 48. Kd1 Rh8 1/2-1/2

[Event "PRO League Group Stage"]
[Site "chess.com INT"]
[Date "2017.02.15"]
[Round "6"]
[White "Hjartarson, Johann"]
[Black "Batchelor, Peter J"]
[Result "1/2-1/2"]
[WhiteTitle "GM"]
[BlackTitle "FM"]
[WhiteElo "2540"]
[BlackElo "2352"]
[WhiteTeam "Reykjavik Puffins"]
[BlackTeam "London Lions"]
[WhiteFideId "2300044"]
[BlackFideId "424854"]
[EventDate "2017.01.11"]

1. e4 c6 2. d4 d5 3. e5 Bf5 4. Nf3 e6 5. Be2 Nd7 6. O-O Ne7 7. b3 Bg6 8. c4 Nf5
9. Nbd2 Bb4 10. Bb2 O-O 11. a3 Bxd2 12. Qxd2 c5 13. cxd5 exd5 14. Rad1 Rc8 15.
dxc5 Nxc5 16. Qxd5 Qxd5 17. Rxd5 Nxb3 18. Bd1 Nc5 19. g4 Ne7 20. Rd6 Bd3 21. Re1
Bc4 22. Bc2 h6 23. Nd4 Bd3 24. Rc1 Bxc2 25. Rxc2 Na4 26. Ba1 Rxc2 27. Nxc2 Rc8
28. Rd2 Nc6 29. Kg2 Na5 30. e6 fxe6 31. Nd4 Rc1 32. Ra2 Kf7 33. Nf3 Nc6 34. Ne5+
Nxe5 35. Bxe5 Nc3 36. Rb2 b6 37. Bb8 Nd5 38. Bxa7 Rc3 39. f3 Rxa3 40. Bxb6 Nxb6
41. Rxb6 Kf6 1/2-1/2

[Event "PRO League Group Stage"]
[Site "chess.com INT"]
[Date "2017.02.15"]
[Round "6"]
[White "Blomqvist, Erik"]
[Black "Gozzoli, Yannick"]
[Result "1/2-1/2"]
[WhiteTitle "GM"]
[BlackTitle "GM"]
[WhiteElo "2574"]
[BlackElo "2583"]
[WhiteTeam "Stockholm Snowballs"]
[BlackTeam "Marseille Migraines"]
[WhiteFideId "1709437"]
[BlackFideId "616915"]
[EventDate "2017.01.11"]

1. e4 e5 2. Nf3 Nc6 3. Bb5 a6 4. Ba4 Nf6 5. O-O Be7 6. Re1 b5 7. Bb3 d6 8. a4
Bd7 9. c3 Na5 10. Bc2 c5 11. d4 Qb8 12. Nbd2 O-O 13. Nf1 cxd4 14. cxd4 Nc6 15.
Ne3 Nxd4 16. Nxd4 exd4 17. Qxd4 Rc8 18. Bb3 Be6 19. Bxe6 fxe6 20. Bd2 Qb7 21. e5
dxe5 22. Qxe5 Qe4 23. Nf5 Qxf5 24. Qxf5 exf5 25. Rxe7 Re8 26. Rxe8+ Rxe8 27.
axb5 axb5 28. Kf1 Re7 29. Ra8+ Kf7 30. Rb8 Re5 31. Rb7+ Kg6 32. Bc3 Rd5 33. Ke2
Nd7 34. Ke3 Kf7 35. h4 g6 36. f3 Ke6 37. Kf4 h6 38. Bg7 Nc5 39. Rb6+ Kf7 40.
Bxh6 Nd3+ 41. Kg5 f4+ 42. Kg4 Rf5 43. Rb7+ Ke6 44. Rb6+ Kf7 45. Rb7+ Ke6 46.
Rb6+ Kf7 1/2-1/2

[Event "PRO League Group Stage"]
[Site "chess.com INT"]
[Date "2017.02.15"]
[Round "6"]
[White "Johnson, Frank B"]
[Black "Nyzhnyk, Illya"]
[Result "1/2-1/2"]
[BlackTitle "GM"]
[WhiteElo "2191"]
[BlackElo "2616"]
[WhiteTeam "Minnesota Blizzard"]
[BlackTeam "Webster Windmills"]
[WhiteFideId "2026511"]
[BlackFideId "14118084"]
[EventDate "2017.01.11"]

1. e4 c6 2. d4 d5 3. e5 Bf5 4. Nf3 e6 5. Be2 Ne7 6. O-O c5 7. c4 Nbc6 8. Na3 a6
9. Be3 cxd4 10. Bxd4 Be4 11. Bc3 Ng6 12. Re1 Bc5 13. cxd5 exd5 14. Bd3 Qb6 15.
Rf1 O-O 16. Ng5 Bxd3 17. Qxd3 d4 18. Nc4 Qc7 19. Bd2 b5 20. Rac1 Qe7 21. f4 bxc4
22. Qxc4 Bb4 23. Bxb4 Nxb4 24. a3 Rab8 25. axb4 Rxb4 26. Qd3 f6 27. exf6 Qxf6
28. g3 Rxb2 29. Rfe1 Rb6 30. Rc7 h6 31. Qc4+ Kh8 32. Ne6 Re8 33. Rc8 Rb8 34.
Rxb8 Rxb8 35. Qxd4 Qf7 36. f5 Nf8 37. Qe5 Re8 38. Kg2 Nd7 39. Qc7 Kg8 40. Rf1
Nf8 41. Qxf7+ Kxf7 42. Nxf8 Rxf8 43. Ra1 Ra8 44. Kf3 a5 45. Ra4 Ke7 46. Kf4 Kd6
47. g4 Kc5 48. h4 Kb5 49. Ra1 a4 50. g5 hxg5+ 51. hxg5 a3 52. f6 gxf6 53. gxf6
Kb4 54. Kf5 a2 55. Ke6 Kb3 56. f7 Kb2 57. Rxa2+ Kxa2 58. Ke7 Ra7+ 59. Kf6 Rxf7+
60. Kxf7 1/2-1/2

[Event "PRO League Group Stage"]
[Site "chess.com INT"]
[Date "2017.02.15"]
[Round "6"]
[White "Nagy, Gabor1"]
[Black "Kim, Kristina"]
[Result "1-0"]
[WhiteTitle "IM"]
[WhiteElo "2433"]
[BlackElo "1875"]
[WhiteTeam "Budapest Gambit"]
[BlackTeam "Shymkent Nomads"]
[WhiteFideId "737119"]
[BlackFideId "13712438"]
[EventDate "2017.01.11"]

1. d4 Nf6 2. c4 e6 3. Nc3 Bb4 4. e3 O-O 5. Bd3 d5 6. Nf3 c5 7. cxd5 exd5 8. dxc5
Nbd7 9. Bd2 Nxc5 10. Be2 Ne6 11. a3 Be7 12. O-O a6 13. Bd3 Re8 14. h3 b5 15. Rc1
Bb7 16. Ne2 Nc5 17. Bc3 Nxd3 18. Qxd3 Ne4 19. Rfd1 Nc5 20. Qf5 Qd7 21. Qh5 Qe6
22. Nf4 Qe4 23. Rd4 g6 24. Rxe4 gxh5 25. Rxe7 Rxe7 26. Bb4 Re4 27. Bxc5 Rc4 28.
Rxc4 dxc4 29. Nh4 Rd8 30. Nxh5 Rd2 31. Nf5 f6 32. Nh6+ Kh8 33. Be7 1-0

[Event "PRO League Group Stage"]
[Site "chess.com INT"]
[Date "2017.02.15"]
[Round "6"]
[White "Perez Ponsa, Federico"]
[Black "Vovk, Andriy"]
[Result "1/2-1/2"]
[WhiteTitle "GM"]
[BlackTitle "GM"]
[WhiteElo "2583"]
[BlackElo "2633"]
[WhiteTeam "Buenos Aires Krakens"]
[BlackTeam "Philadelphia Inventors"]
[WhiteFideId "117927"]
[BlackFideId "14114470"]
[EventDate "2017.01.11"]

1. d4 Nf6 2. c4 g6 3. Nc3 Bg7 4. e4 d6 5. h3 O-O 6. Be3 c5 7. Nf3 Qa5 8. Bd3
Nfd7 9. O-O Nc6 10. d5 Nd4 11. Bd2 Nxf3+ 12. Qxf3 Ne5 13. Qe2 a6 14. Bc2 b5 15.
cxb5 axb5 16. Nxb5 Qb6 17. Bc3 Ba6 18. a4 Rfb8 19. f4 Nd7 20. e5 Bxb5 21. axb5
c4+ 22. Kh1 Qxb5 23. Rae1 dxe5 24. fxe5 Nc5 25. Qf3 Rf8 26. Rd1 Rad8 27. h4 e6
28. h5 Qb6 29. d6 Nd7 30. Rde1 Qb5 31. Qf4 Rc8 32. hxg6 hxg6 33. Qg4 Rc5 34.
Rxf7 Rxf7 35. Bxg6 Nf8 36. Bxf7+ Kxf7 37. Re3 Kg8 38. Rg3 Qb7 39. Bd2 c3 40. Bh6
cxb2 41. Qxg7+ Qxg7 42. Rxg7+ Kh8 43. Rb7 Rc1+ 44. Kh2 b1=Q 45. Rxb1 Rxb1 46.
Bxf8 Rd1 47. g4 Kh7 48. Be7 Kg6 49. Bf6 Rd3 50. Kg2 Rd2+ 51. Kf3 Rd4 52. Ke3 Rd5
53. Ke4 Rd1 54. Bh4 Kf7 55. Bf2 Rd2 56. Be3 Rd1 57. g5 Rd5 58. Bd4 Kg6 59. Be3
Kh5 60. Bc1 Rd1 61. Be3 Rd5 62. Bc1 Rd1 63. Be3 Rd5 1/2-1/2

[Event "PRO League Group Stage"]
[Site "chess.com INT"]
[Date "2017.02.15"]
[Round "6"]
[White "Meier, Georg"]
[Black "Bacrot, Etienne"]
[Result "1/2-1/2"]
[WhiteTitle "GM"]
[BlackTitle "GM"]
[WhiteElo "2630"]
[BlackElo "2695"]
[WhiteTeam "Stockholm Snowballs"]
[BlackTeam "Marseille Migraines"]
[WhiteFideId "4675789"]
[BlackFideId "605506"]
[EventDate "2017.01.11"]

1. Nf3 Nf6 2. g3 g6 3. Bg2 Bg7 4. O-O O-O 5. d4 c5 6. dxc5 Na6 7. Be3 Qc7 8. Nc3
Nxc5 9. Nb5 Qc6 10. a4 Ng4 11. Bd4 Bxd4 12. Nfxd4 Qb6 13. b4 Na6 14. Qd2 d6 15.
c4 Qd8 16. a5 Nb8 17. Rfd1 Ne5 18. c5 a6 19. Nc3 dxc5 20. bxc5 Nbc6 21. Nd5 Be6
22. Nb6 Qxd4 23. Qxd4 Nxd4 24. Rxd4 Rab8 25. Rad1 Nc6 26. Bxc6 bxc6 27. R1d3 f5
28. f4 Kf7 29. Kf2 Rfe8 30. Rd2 Bd5 31. Rb4 Be6 32. e4 Red8 33. Rdd4 fxe4 34.
Ke3 Rxd4 35. Rxd4 Bf5 36. Rd2 h5 37. h4 Ke6 38. Rd1 Kf7 39. Rd4 Ke6 40. Rb4 Rd8
41. Rd4 Rb8 42. Kd2 Kf7 43. Ke3 Ke6 44. Rd2 Kf7 45. Rd1 Ke6 46. Rd4 Kf7 1/2-1/2